Tout pour la Lumière de A à Z - Statistiques

Statistiques générales
  • Ce quiz a été pris 227 fois
    105 depuis la dernière actualisation
  • Le résultat moyen est 16 sur 26
Statistiques - réponses
Indices Réponses % Correct
A On apprend que Julian y étais accro Alcool
99%
E Fils de la professeure de danse Eden
96%
B C'est la fille du personnage principale Baya
94%
F Directrice Florence
93%
I Copine de Swann Iris
93%
C Lieu où vivent Maddie, Sultana, Iris, Jacob et Noah Coloc
91%
G Eden en joue dans l'épisode 1 pour jouer la musique "J'irai où tu iras" Guitare
88%
L Ville dans laquelle se déroule la série La Ciotat
84%
M Professeure de danse au studio Marina
84%
T Titre de la série Tout pour la Lumière
84%
V Personnage Principale Victoria
79%
J Directrice Adjointe Justine
76%
D Élément centre du cursus artisque au Studio Danse
75%
O Grande chanteuse qui a réalisé une masterclass au Studio Ophélia
73%
N Personnage qui est toujours sûr de lui Noah
70%
R Producteur de Victoria Roman
66%
S Premier bâtiment et l'un des bâtiments principaux de la série Studio Lumière
58%
P Prénom de l'ancien chorégraphe qui a poussé Marina à changerde vie Phillipe
48%
H Menace qui fait pression sur Victoria après son retour au Studio et dans la musique Hater
45%
K Lieu sur la place Esquiros où les élèves dansent pendant et où Marina exerçait ses cours de Tango Kiosque à Musique / Kiosque
36%
Y Actrice qui joue le rôle de Sultana Yara Charry
19%
U Lieu où Florence se trouve dans le coma après sa chute et sa tentative de suicide Urgences
16%
Q L'un des quais de la Ciotat Quai François Mitterand
1%
W Une baie connue pour ses sports nautiques Windsurf
0%
X Jardin Botanique Remarquable Xylothèque du Parc de Mugel
0%
Z Zone industriel et artisanale de la Ciotat Zone des capucins
0%
Aucun quiz correspondant
Distribution des résultats
% des personnes avec chaque résultat
Percentile par nombre de réponses
Votre historique - résultats
Vous n’avez pas pris ce quiz depuis la dernière actualisation